Rinascita : Antologia italiana per la scuola Media Inferiore riveduta e ampliata da Giovanni Randone

Gespeichert in:
Bibliographische Detailangaben
1. Verfasser: Pasquetti, Guido.
Weitere Verfasser: Pasquetti, Guido Randone, Giovanni.
Format: Buch
Sprache:Italienisch
Erschienen: Palermo S. Ando e Figli 1948
Katalog:EDISCO:  Suchergebnis im Bibliothekskatalog
Schulbuchspezifische Eigenschaften:
Tags: Tag hinzufügen
Keine Tags, Fügen Sie den ersten Tag hinzu!
Hinzugefügt zu:30.04.2016
Geändert in:04.10.2017

MARC

LEADER 00000aam a22000007 4500
001 19963
003 OSt
005 20171004090352.0
008 160501s1948 it 000 0 ita
040 |c Paola Zonca - Torino - SBN 
041 1 |a ita 
100 1 |a Pasquetti, Guido. 
245 0 0 |a Rinascita : Antologia italiana per la scuola Media Inferiore riveduta e ampliata da Giovanni Randone 
260 |a Palermo  |b S. Ando e Figli  |c 1948 
300 |a 16. p. 939, ;  
510 3 |a L. 1000. 
901 |a 7 
700 1 |a Pasquetti, Guido  |a Randone, Giovanni. 
942 |2 ddc  |c BK 
546 |a ita 
999 |c 19952  |d 19952 
999 |c edisco:19952  |d 19952